US States with Indigenous Names - Sudden Death - Statistics

General Stats
  • This quiz has been taken 294 times
  • The average score is 8 of 26
Answers on the Grid
Answers color-coded by a green-red scale on the quiz's grid according to % correct below.
Alabama
Alaska
Arizona
Arkansas
California
Colorado
Connecticut
Delaware
Florida
Georgia
Hawaii
Illinois
Indiana
Iowa
Kansas
Kentucky
Louisiana
Maine
Maryland
Massachusetts
Michigan
Minnesota
Mississippi
Missouri
Montana
Nebraska
Nevada
New Hampshire
New Jersey
New Mexico
New York
North Carolina
North Dakota
Ohio
Oklahoma
Pennsylvania
Rhode Island
South Carolina
South Dakota
Tennessee
Texas
Utah
Vermont
Virginia
Washington
West Virginia
Wisconsin
Wyoming
 
Answer Stats
Answer % Correct
Aleut Alaska
59%
Hawaiian Hawaii
49%
Kansa, Quapaw Arkansas
43%
Ojibwe Mississippi
37%
Alabama/Choctaw Alabama
35%
Choctaw Oklahoma
35%
Munsee Wyoming
35%
Chiwere Nebraska
34%
Miami-Illinois Wisconsin
34%
Dakota Iowa
33%
Dakota North Dakota
33%
O’odham Arizona
32%
Algonquin Illinois
31%
Miami-Illinois Missouri
29%
Dakota South Dakota
29%
Apache/Ute Utah
29%
Kansa Kansas
28%
Dakota Minnesota
27%
Cherokee Tennessee
27%
Algonquin Connecticut
26%
Seneca Ohio
26%
Ojibwe Michigan
25%
Algonquin Massachusetts
24%
Iroquoian Kentucky
20%
Caddo Texas
17%
Nahuatl (Aztec) New Mexico
11%
No matching quizzes found
Score Distribution
Percent of People with Each Score
Percentile by Number Answered
Your Score History
You have not taken this quiz